MARC

LEADER 00000nam0a2200000 4500
001 139556
005 20231031141802.0
035 |a (RuTPU)RU\TPU\book\151184 
090 |a 139556 
100 |a 20080609d1954 km y0rusy50 ca 
101 1 |a rus  |c ger 
102 |a RU 
105 |a a z 000zy 
200 1 |a Механика деформируемых сред  |e пер. с нем.  |f А. Зоммерфельд 
210 |a Москва  |c Изд-во иностранной литературы  |d 1954 
215 |a 486 с.  |c ил. 
610 1 |a механика 
610 1 |a деформируемые среды 
610 1 |a кинематика 
610 1 |a статика 
610 1 |a динамика 
610 1 |a вихри 
610 1 |a поля 
610 1 |a течение 
610 1 |a гидродинамика 
610 1 |a упругость 
610 1 |a теория 
675 |a 539.3  |v 3 
675 |a 532  |v 3 
700 1 |a Зоммерфельд  |b А. 
801 1 |a RU  |b 63413507  |c 20080609  |g PSBO 
801 2 |a RU  |b 63413507  |c 20210526  |g PSBO 
942 |c BK